000 00296nam a22001337a 4500
008 170715b xxu||||| |||| 00| 0 eng d
020 _a9780495100089
041 _aeng
080 _27TH
_a572
100 _a24
101 _aANT
245 _aCULTURAL ANTHROPOLOGY
_cFERRARO, G
942 _2udc
_cBK
999 _c21132
_d21132